000 00532nam a2200181Ia 4500
008 131103s9999 xx 000 0 und d
040 _aLoreto College
041 _aEnglish
082 _a840.9/CRU
_bLCLIB/18580
245 _aFrench Literature And Its Backgruund
_cEdited by John Cruickshank
260 _aLondon
_bOxford University Press
_c1969
300 _a229p
_c 21cm
504 _aThe late nineteeth century
650 _aFrench-literature
700 _aCruickshank, John; ed
850 _aLCLIB/840.9/CRU
942 _cBK
999 _c24150
_d74629